| 000 | 00615nam a22002177a 4500 | ||
|---|---|---|---|
| 003 | OSt | ||
| 005 | 20140310182017.0 | ||
| 008 | 130730t xxu||||| |||| 00| 0 eng d | ||
| 050 |
_aPZ 7 _b.H553 1980 |
||
| 082 |
_aKF _bH42w 1980 |
||
| 100 |
_aHermes, Patricia _96682 |
||
| 245 |
_aWhat if they know? / _cPatricia Hermes. |
||
| 260 |
_aNew York : _bBantam Doubleday Dell Publishing Group, Inc, _c1980. |
||
| 300 |
_a 121 p. ; _bill. ; _c20 cm. |
||
| 541 | _j1 | ||
| 562 | _e1 | ||
| 650 |
_aFiction _9746 |
||
| 650 |
_aChildren's Stories _93210 |
||
| 700 |
_aHermes, Patricia _96683 |
||
| 942 |
_2lcc _cBK-KF _kKF |
||
| 999 |
_c8266 _d8266 |
||